| 000 | 00378nam a2200169Ia 4500 | ||
|---|---|---|---|
| 008 | 210210b1911 xxu||||| |||| 00| 0 eng d | ||
| 041 | _aeng | ||
| 082 | _a444/173 | ||
| 100 | _aSAND (George) | ||
| 245 | _aLes dames vertes | ||
| 260 |
_aLondon _bMacmillan & Co. Ltd. _c1911 |
||
| 650 | _avertes | ||
| 650 | _aLes | ||
| 650 | _adames | ||
| 690 | _aFrench | ||
| 906 | _a006368 | ||
| 999 |
_c129357 _d129357 |
||